Проблеми порівняльного аналізу стилю Тодося Осьмачки й Миколи Гоголя: типологічний та індивідуальний вимір (Запис № 460810)

МАРК-запис
000 -Лідер
fixed length control field 03171nam a22002657a 4500
001 - Контрольний номер
control field 216218906
003 - Ідентифікатор контрольного номера
control field UA-OsUOA
005 - Дата та час останнього входження (трансакції)
control field 20210103160533.0
008 - Елементи даних фіксованої довжини – загальна інформація
fixed length control field 200721b un ||||| m||| 00| 0 ukr d
040 ## - Джерело каталогізації
Агенція оригінальної каталогізації UA-OsUOA
Мова каталогізації ukr
Агенція, яка здійснювала перезапис UA-OsUOA
Агенція, яка здійснювала модифікацію UA-OsUOA
041 ## - Код мови
Код мови тексту/ звукової доріжки чи окремого заголовка (П) ukr
080 ## - Індекс Універсальної десяткової класифікації
Індекс Універсальної десяткової класифікації (УДК) (НП) 82.091:821.161.1+821.161.2
090 ## - Локальний шифр розміщення
Класифікаційний індекс УДК 82.091:821.161.1+821.161.2
095 ## - Код спеціальності для авторефератів
Код спеціальності 10.01.05
Назва спеціальності порівняльне літературознавство
100 ## - Основне введення – ім’я особи
Ім’я особи (НП) Стребкова І. О.
245 ## - Відомості про назву
Назва (НП) Проблеми порівняльного аналізу стилю Тодося Осьмачки й Миколи Гоголя: типологічний та індивідуальний вимір
Дані про відповідальність (НП) Стребкова Ірина Олександрівна ; наук. керівник Михед Павло Володимирович
260 ## - Публікація, розповсюдження і т.п. (Вихідні дані)
Місце публікації, розповсюдження і т.п. (П) Київ
Дата публікації, розповсюдження і т.п. (П) 2016
300 ## - Фізичний опис
Обсяг 20 с.
502 ## - Примітка про дисертацію
Зв'язок Автореферат дисертації на здобуття наукового ступеня кандидата філологічних наук<br/>
Наймення інституції, що представляється Інститут літератури ім. Т. Г. Шевченка
Рік отримання вченого ступеня 2016
520 ## - Резюме і т.п.
Резюме, реферат, анотація, тощо (НП) Дисертація присвячена комплексному порівняльному аналізу стилю Тодося Осьмачки й Миколи Гоголя. У ході дослідження було простежено типологічну близькість письменників крізь призму національної картини світу, що дозволило виявити гоголівський інтертекст у творах Осьмачки на генетико-контактному рівні. Установлено, що національно маркований стиль бароко та необароко в картинах світу Гоголя й Осьмачки розкривається через категорії світобудови, християнства, храму, фантастики, містики й онірики. Доведено, що народна культура та фольклорна основа стали основними формами наративної трансформації в оповідних структурах.<br/>Логіка дослідження спрямована на виявлення спільного народного ґрунту. Фокусування на генетичній спорідненості засвідчило, що зв’язок між творчістю Гоголя й Осьмачки оприявнюєгься через національну ідентичність (українськість) письменників, схожість психотипів особистостей-митців та національно маркований стиль письма.
650 ## - Додаткове предметне введення – тематичний термін
Джерело заголовка чи терміна UDC
Тематичний термін чи географічна назва, як елемент введення (НП) 82 Література. Літературознавство
942 ## - Додаткові елементи входу (Коха)
Source of classification or shelving scheme Universal Decimal Classification
Тип елемента Koha Автореферат
955 ## - Код типу видання за змістом
Код типу видання за змістом (НП) Наукові видання

Немає доступних примірників.